أحكام الزواج في ضوء الكتاب و السنة / (رقم التسجيلة. 1962)

تفاصيل مارك
000 -الفاتح
عناصر البيانات ثابتة الطول 00715cam a2200205 i 4500
005 - تاريخ ووقت آخر معاملة
حقل ضبط 20251214103331.0
008 - عناصر البيانات ثابتة الطول
عناصر البيانات ثابتة الطول 250721s1997 jo gr 000 0 ara d
082 14 - رقم تصنيف ديوي العشري
رقم التصنيف 216,51
رقم المادة ا ش ق
100 1# - مدخل رئيسي – اسم شخصي
الاسم الشخصي الأشقر، عمر سليمان
علاقة الشخص بالعمل/ دوره مؤلف.
245 10 - بيان العنوان
العنوان أحكام الزواج في ضوء الكتاب و السنة /
بيان المسؤولية تاليف الدكتور عمر سليمان الاشقر.
250 ## - بيان الطبعة
بيان الطبعة الطبعة الاولى.
264 31 - بيانات النشر، التوزيع…إلخ
مكان النشر، التوزيع...إلخ عمان :
اسم الناشر، الموزع...إلخ دار النفائس،
تاريخ النشر، التوزيع...إلخ 1997.
300 ## - الوصف المادي
عدد الوحدات المكونة للوعاء 319صفحة.
650 17 - مدخل إضافي بالموضوع - مصطلح موضوعي
مصطلح موضوعي أو اسم جغرافي كعنصر مدخل الإسلام.
650 17 - مدخل إضافي بالموضوع - مصطلح موضوعي
مصطلح موضوعي أو اسم جغرافي كعنصر مدخل الفقه.
650 17 - مدخل إضافي بالموضوع - مصطلح موضوعي
مصطلح موضوعي أو اسم جغرافي كعنصر مدخل قانون الأحوال الشخصية.
650 17 - مدخل إضافي بالموضوع - مصطلح موضوعي
مصطلح موضوعي أو اسم جغرافي كعنصر مدخل الزواج.
942 ## - بيانات إضافية (كوها)
نوع التنصيف Dewey Decimal Classification
نوع المادة (كوها) كتب
المقتنيات
حالة السحب حالة الفقدان مصدر التصنيف حالة التلف غير قابل للإعارة المكتبة الرئيسية المكتبة الحالية موقع الرف تاريخ التزويد الرقم المتسلسل Total Checkouts رقم الإستدعاء تاريخ آخر ظهور تاريخ الفاتورة نوع المادة (كوها) الباركود
    Dewey Decimal Classification Unchecked   المكتبة المركزية المكتبة المركزية الإعارة 06/07/2004 240993   216,51/اشق 28/07/2025 06/07/2004 كتب  
    Dewey Decimal Classification     المكتبة المركزية المكتبة المركزية الإعارة 06/07/2004 240991   216,51 / ا ش ق 28/07/2025 06/07/2004 كتب 240991
    Dewey Decimal Classification Unchecked   مكتبة أبو علندا العامة مكتبة أبو علندا العامة الإعارة 06/07/2004 1540   216,51/اشق 28/07/2025 06/07/2004 كتب  
    Dewey Decimal Classification     مكتبة الأميرة ايمان العامة مكتبة الأميرة ايمان العامة الإعارة 17/09/2013 [9301]   216,51/اشق 28/07/2025 17/09/2013 كتب PLD00278004
    Dewey Decimal Classification Unchecked   مكتبة الحسن العامة مكتبة الحسن العامة الإعارة 06/07/2004 9989   216,51/اشق 28/07/2025 06/07/2004 كتب  
    Dewey Decimal Classification     مكتبة صويلح العامة مكتبة صويلح العامة الإعارة 18/11/2015 [11715   216,51/اشق 28/07/2025 18/11/2015 كتب PLD00365327
Implemented & Customized by: BBB with SCIT (Smart Chains for Information Technology)

Powered by Koha